[Event "Seattle Summer Classic 2nd"]
[Site "Seattle"]
[Date "2018.08.18"]
[Round "9"]
[White "Hiebert, Kenji"]
[Black "Perez, Ignacio"]
[Result "1-0"]
[WhiteElo "2031"]
[BlackElo "2058"]
[PlyCount "77"]
[EventDate "2018.08.15"]
[EventType "swiss"]
[EventRounds "9"]
[EventCountry "USA"]
[SourceTitle "EXT 2023"]
[Source "ChessBase"]
[SourceDate "2022.10.05"]
[SourceVersion "1"]
[SourceVersionDate "2022.10.05"]
[SourceQuality "1"]

1. Nf3 Nf6 2. c4 g6 3. Nc3 Bg7 4. e4 d6 5. d4 0-0 6. Be2 e5 7. 0-0 Nc6 8. dxe5 dxe5 9. Bg5 Bg4 10. Qxd8 Raxd8 11. Nd5 Nxd5 12. cxd5 f6 13. dxc6 fxg5 14. cxb7 Bxf3 15. gxf3 c6 16. Bc4+ Kh8 17. Be6 Rb8 18. Bc8 Rfxc8 19. bxc8Q+ Rxc8 20. Rfd1 Bf8 21. Rac1 Rc7 22. Rd8 Kg7 23. Rcd1 Bc5 24. R8d7+ Rxd7 25. Rxd7+ Kh6 26. Rc7 Bd4 27. b4 g4 28. Kg2 Kg5 29. fxg4 Kxg4 30. Rxc6 Kf4 31. f3 g5 32. h3 h5 33. Rf6+ Ke3 34. a4 g4 35. hxg4 hxg4 36. fxg4 Kxe4 37. g5 Be3 38. g6 Bh6 39. Rf7 1-0

[Event "Vsetin op 43rd"]
[Site "Vsetin"]
[Date "2018.07.11"]
[Round "9"]
[White "Hiebert, Kenji"]
[Black "Travnicek, Krystof Mikulas"]
[Result "1-0"]
[WhiteElo "1969"]
[BlackElo "1844"]
[PlyCount "51"]
[EventDate "2018.07.04"]
[EventType "swiss"]
[EventRounds "9"]
[EventCountry "CZE"]
[SourceTitle "CBM 185 Extra"]
[Source "ChessBase"]
[SourceDate "2018.07.29"]
[SourceVersion "1"]
[SourceVersionDate "2018.07.29"]
[SourceQuality "1"]

1. Nf3 Nf6 2. c4 c6 3. Nc3 d5 4. d4 e6 5. Bg5 dxc4 6. e4 b5 7. e5 h6 8. Bh4 g5 9. Nxg5 hxg5 10. Bxg5 Nbd7 11. g3 Bb7 12. Bg2 Qb6 13. exf6 0-0-0 14. 0-0 c5 15. d5 b4 16. Na4 Qb5 17. a3 Nb8 18. axb4 cxb4 19. Qg4 Bxd5 20. Rfc1 Nd7 21. Bxd5 exd5 22. Be3 a6 23. Nb6+ Kb7 24. Nxd7 Rxd7 25. Ra5 Qc6 26. Rca1 1-0

[Event "Vsetin op 43rd"]
[Site "Vsetin"]
[Date "2018.07.04"]
[Round "1"]
[White "Sosna, Jan"]
[Black "Hiebert, Kenji"]
[Result "1-0"]
[WhiteElo "2349"]
[BlackElo "1969"]
[PlyCount "113"]
[EventDate "2018.07.04"]
[EventType "swiss"]
[EventRounds "9"]
[EventCountry "CZE"]
[SourceTitle "CBM 185 Extra"]
[Source "ChessBase"]
[SourceDate "2018.07.29"]
[SourceVersion "1"]
[SourceVersionDate "2018.07.29"]
[SourceQuality "1"]

1. d4 Nf6 2. Nf3 e6 3. Bg5 c5 4. e3 cxd4 5. exd4 b6 6. Nbd2 Bb7 7. Bd3 d6 8. 0-0 Be7 9. Re1 Nbd7 10. a4 a6 11. c3 0-0 12. Nc4 Re8 13. h3 Qc7 14. Nh2 h6 15. Bh4 Nd5 16. Bg3 N7f6 17. Ng4 Qc6 18. Nxf6+ Nxf6 19. f3 Nh5 20. Bh2 Rad8 21. Qb3 Rb8 22. Nxb6 a5 23. Qb5 Qc7 24. Qxh5 Qxb6 25. Bb5 Rec8 26. Re2 Ba6 27. Bxa6 Qxa6 28. f4 Bf6 29. Qf3 Rb3 30. Rd2 Rcb8 31. Ra2 Qc4 32. Qf1 Qd5 33. Bg3 R3b6 34. Qa1 Qe4 35. Kh2 Bh4 36. Rf2 Bxg3+ 37. Kxg3 e5 38. dxe5 dxe5 39. f5 Rb3 40. Kh2 Rxc3 41. bxc3 Rb1 42. Qxb1 Qxb1 43. c4 Qe4 44. c5 Qc6 45. Rac2 e4 46. Rfe2 e3 47. Kh1 Kh7 48. Rc4 Qd5 49. Rcc2 Qc6 50. Kg1 Qxa4 51. c6 Qa1+ 52. Kh2 Qe5+ 53. g3 h5 54. h4 Qc7 55. Rxe3 Kh6 56. Rd3 f6 57. Rd7 1-0

[Event "JPN-ch"]
[Site "Tokyo"]
[Date "2018.05.01"]
[Round "5"]
[White "Hiebert, Kenji"]
[Black "Kobayashi, Atsuhiko"]
[Result "0-1"]
[WhiteElo "2179"]
[BlackElo "2061"]
[PlyCount "45"]
[EventDate "2018.04.29"]
[EventType "swiss"]
[EventRounds "11"]
[EventCountry "JPN"]
[SourceTitle "CBM 184 Extra"]
[Source "ChessBase"]
[SourceDate "2018.06.28"]
[SourceVersion "1"]
[SourceVersionDate "2018.06.28"]
[SourceQuality "1"]

1. e4 g6 2. d4 Bg7 3. Nf3 d6 4. Bc4 Nf6 5. Qe2 0-0 6. e5 dxe5 7. dxe5 Nd5 8. 0-0 Bg4 9. Rd1 c6 10. Nbd2 Nd7 11. h3 Be6 12. Bxd5 Bxd5 13. c4 Be6 14. Nf1 Qc7 15. Bf4 h6 16. Bg3 a5 17. Nd4 Nc5 18. Nxe6 Nxe6 19. Nd2 Nd4 20. Qe4 Qb6 21. b3 a4 22. Nf3 Nf5 23. Rab1 0-1

[Event "Bangkok Cha Am op 18th"]
[Site "Bangkog"]
[Date "2018.04.14"]
[Round "2"]
[White "Hiebert, Kenji"]
[Black "Short, Nigel D"]
[Result "0-1"]
[WhiteElo "2179"]
[BlackElo "2662"]
[PlyCount "80"]
[EventDate "2018.04.13"]
[EventType "swiss"]
[EventRounds "9"]
[EventCountry "THA"]
[SourceTitle "CBM 184 Extra"]
[Source "ChessBase"]
[SourceDate "2018.06.28"]
[SourceVersion "1"]
[SourceVersionDate "2018.06.28"]
[SourceQuality "1"]

1. Nf3 d6 2. d4 Bg4 3. e4 Nf6 4. Bd3 e5 5. c3 Nbd7 6. 0-0 Be7 7. Re1 0-0 8. Bg5 h6 9. Bh4 Nh7 10. Bxe7 Qxe7 11. Be2 Bh5 12. Nbd2 Bg6 13. a4 a5 14. Bd3 Rfe8 15. Nf1 Ng5 16. Nxg5 Qxg5 17. Qc2 h5 18. Nd2 h4 19. g3 Qf6 20. dxe5 dxe5 21. Nc4 Nc5 22. Rad1 Red8 23. Re3 Rxd3 24. Rdxd3 Nxd3 25. Qxd3 b6 26. Qd5 Rd8 27. Qxe5 h3 28. Kf1 Rd1+ 29. Ke2 Qd8 30. Qb5 Rh1 31. Rd3 Qa8 32. Rd4 Bxe4 33. Nd2 Bg6 34. Qd7 c5 35. Rd6 Rxh2 36. Qe7 Rxf2+ 37. Kxf2 Qg2+ 38. Ke1 Qxg3+ 39. Kd1 h2 40. Rd8+ Kh7 0-1

[Event "Wch U20 56th"]
[Site "Tarvisio"]
[Date "2017.11.24"]
[Round "10"]
[White "Favaloro, Andrea"]
[Black "Hiebert, Kenji"]
[Result "0-1"]
[WhiteElo "2260"]
[BlackElo "2017"]
[PlyCount "84"]
[EventDate "2017.11.13"]
[EventType "swiss"]
[EventRounds "11"]
[EventCountry "ITA"]
[SourceTitle "CBM 181 Extra"]
[Source "ChessBase"]
[SourceDate "2017.12.12"]
[SourceVersion "1"]
[SourceVersionDate "2017.12.12"]
[SourceQuality "1"]

1. b3 e5 2. Bb2 Nc6 3. Nf3 e4 4. Nd4 Nf6 5. e3 Bc5 6. Nxc6 bxc6 7. d3 d5 8. Nd2 0-0 9. Be2 Bf5 10. g4 exd3 11. cxd3 Be6 12. Rc1 Bb6 13. g5 Nd7 14. Rg1 c5 15. h4 a5 16. h5 d4 17. e4 f5 18. Ba3 Qc8 19. Qc2 Qa6 20. f4 a4 21. b4 cxb4 22. Bxb4 c5 23. Ba3 fxe4 24. dxe4 d3 25. Bxd3 c4 26. Nxc4 Bxg1 27. f5 Bf7 28. g6 Be8 29. Kf1 Bc5 30. Bb2 Qa7 31. Qc3 Nf6 32. Ne5 Rc8 33. Bc4+ Kh8 34. h6 Nxe4 35. Nf7+ Rxf7 36. hxg7+ Rxg7 37. Qh3 Bd4 38. f6 Bxf6 39. Rc2 Bxb2 40. Qxc8 Qd7 41. Qxd7 Rxd7 42. Bb5 Rd1+ 0-1

[Event "Wch U20 56th"]
[Site "Tarvisio"]
[Date "2017.11.19"]
[Round "6"]
[White "Hiebert, Kenji"]
[Black "Tin, Jingyao"]
[Result "0-1"]
[WhiteElo "2017"]
[BlackElo "2404"]
[PlyCount "52"]
[EventDate "2017.11.13"]
[EventType "swiss"]
[EventRounds "11"]
[EventCountry "ITA"]
[SourceTitle "CBM 181 Extra"]
[Source "ChessBase"]
[SourceDate "2017.12.12"]
[SourceVersion "1"]
[SourceVersionDate "2017.12.12"]
[SourceQuality "1"]

1. Nf3 d5 2. d4 Nf6 3. c4 c6 4. Nc3 dxc4 5. a4 Bf5 6. e3 e6 7. Bxc4 Bb4 8. 0-0 Nbd7 9. Qe2 Bg6 10. Rd1 0-0 11. Bd3 Bh5 12. h3 Qe7 13. g4 Bg6 14. e4 Ne8 15. Be3 Nc7 16. Na2 Bd6 17. e5 Bb4 18. Bxg6 fxg6 19. Kg2 Nd5 20. Nxb4 Qxb4 21. Ng5 Rae8 22. Ne4 Nxe5 23. Ng5 Nf7 24. Nf3 e5 25. dxe5 Nxe5 26. Nd4 Nc4 0-1

[Event "Wch U20 56th"]
[Site "Tarvisio"]
[Date "2017.11.17"]
[Round "5"]
[White "Abdulla, Murad"]
[Black "Hiebert, Kenji"]
[Result "1/2-1/2"]
[WhiteElo "2316"]
[BlackElo "2017"]
[PlyCount "65"]
[EventDate "2017.11.13"]
[EventType "swiss"]
[EventRounds "11"]
[EventCountry "ITA"]
[SourceTitle "CBM 181 Extra"]
[Source "ChessBase"]
[SourceDate "2017.12.12"]
[SourceVersion "1"]
[SourceVersionDate "2017.12.12"]
[SourceQuality "1"]

1. e4 c6 2. d4 d5 3. e5 Bf5 4. Nd2 e6 5. Nb3 Nd7 6. Nf3 c5 7. dxc5 Bxc5 8. Nxc5 Nxc5 9. Be2 Ne7 10. 0-0 0-0 11. Be3 Nd7 12. Bg5 Bg6 13. c4 Be4 14. Nd2 h6 15. Bxe7 Qxe7 16. Nxe4 dxe4 17. Qd4 Nc5 18. b4 Nd3 19. a3 Qc7 20. f4 Qc6 21. Bxd3 exd3 22. Qxd3 Rfd8 23. Qc3 Rac8 24. Rac1 Qe4 25. Rf3 Rd4 26. c5 Rcd8 27. Qe3 Rd1+ 28. Rxd1 Rxd1+ 29. Kf2 Qc2+ 30. Kg3 Qg6+ 31. Kf2 Qc2+ 32. Kg3 Qg6+ 33. Kf2 1/2-1/2

[Event "Wch U20 56th"]
[Site "Tarvisio"]
[Date "2017.11.13"]
[Round "1"]
[White "Peng, Xiongjian"]
[Black "Hiebert, Kenji"]
[Result "1-0"]
[WhiteElo "2412"]
[BlackElo "2017"]
[PlyCount "61"]
[EventDate "2017.11.13"]
[EventType "swiss"]
[EventRounds "11"]
[EventCountry "ITA"]
[SourceTitle "CBM 181 Extra"]
[Source "ChessBase"]
[SourceDate "2017.12.12"]
[SourceVersion "1"]
[SourceVersionDate "2017.12.12"]
[SourceQuality "1"]

1. d4 Nf6 2. Bg5 d5 3. e3 c5 4. c3 Qb6 5. Qc2 Ne4 6. Bf4 Bf5 7. dxc5 Qxc5 8. Bd3 e6 9. Qb3 Qc8 10. Bxb8 Qxb8 11. Nd2 Nxd2 12. Qb5+ Kd8 13. Bxf5 Nc4 14. Bd3 Ne5 15. 0-0-0 Bd6 16. e4 a6 17. Qb6+ Bc7 18. Qb3 Nxd3+ 19. Rxd3 Ke7 20. exd5 Rd8 21. Nf3 Kf8 22. Rhd1 Rxd5 23. Rxd5 exd5 24. Qxd5 Kg8 25. g3 h6 26. Nd4 b5 27. Nc6 Qe8 28. Ne7+ Kf8 29. Re1 Qd8 30. Qf5 Bd6 31. Qh7 1-0

[Event "Berlin Lichtenrade op 13th"]
[Site "Berlin"]
[Date "2017.10.31"]
[Round "4"]
[White "Hiebert, Kenji"]
[Black "Schmidt, Jevgen"]
[Result "1/2-1/2"]
[WhiteElo "2017"]
[BlackElo "1872"]
[PlyCount "52"]
[EventDate "2017.10.28"]
[EventType "swiss"]
[EventRounds "9"]
[EventCountry "GER"]
[SourceTitle "CBM 181 Extra"]
[Source "ChessBase"]
[SourceDate "2017.12.12"]
[SourceVersion "1"]
[SourceVersionDate "2017.12.12"]
[SourceQuality "1"]

1. Nf3 Nf6 2. c4 d6 3. d4 g6 4. Nc3 Bg7 5. e4 0-0 6. Be2 e5 7. d5 a5 8. Bg5 h6 9. Bh4 Na6 10. Nd2 Nc5 11. b3 g5 12. Bg3 Nfxe4 13. Ncxe4 Nxe4 14. Nxe4 f5 15. f3 fxe4 16. fxe4 Bd7 17. Bg4 Qc8 18. Bxd7 Qxd7 19. h4 g4 20. Bf2 Rf4 21. Qd3 h5 22. Be3 Rf7 23. 0-0-0 b6 24. Rhf1 Raf8 25. Bg5 Kh7 26. Qe2 Bh6 1/2-1/2

[Event "Bangkok op 17th"]
[Site "Bangkok"]
[Date "2017.04.11"]
[Round "4"]
[White "Teerapabpaisit, Wisuwat"]
[Black "Hiebert, Kenji"]
[Result "1/2-1/2"]
[WhiteElo "2246"]
[BlackElo "2023"]
[PlyCount "97"]
[EventDate "2017.04.08"]
[EventType "swiss"]
[EventRounds "9"]
[EventCountry "THA"]
[SourceTitle "CBM 177 Extra"]
[Source "ChessBase"]
[SourceDate "2017.04.27"]
[SourceVersion "1"]
[SourceVersionDate "2017.04.27"]
[SourceQuality "1"]

1. e4 e5 2. Nf3 Nc6 3. Bc4 Nf6 4. Ng5 d5 5. exd5 Na5 6. Bb5+ c6 7. dxc6 bxc6 8. Qf3 Be7 9. Bd3 0-0 10. Nc3 h6 11. Nge4 Nd5 12. Ng3 Nb4 13. Nf5 Bg5 14. h4 Nxd3+ 15. cxd3 Be7 16. b3 Bxf5 17. Qxf5 c5 18. Qe4 Rc8 19. Bb2 Nc6 20. Nd5 f5 21. Qc4 Kh8 22. Nxe7 Qxe7 23. Rc1 Nd4 24. Bxd4 exd4+ 25. Kd1 Rfe8 26. Kc2 Qe2 27. Qd5 Qxf2 28. Rcf1 Qg3 29. Rh3 Qc7 30. Rxf5 Qa5 31. Re5 Qxa2+ 32. Kd1 Rxe5 33. Qxe5 Qxb3+ 34. Ke2 Qb5 35. Kf2 Qe8 36. Qd5 Qe7 37. h5 Re8 38. Qe4 Qxe4 39. dxe4 Rxe4 40. Ra3 Re7 41. Ra5 Rc7 42. d3 Kg8 43. Kf3 Kf7 44. Ke4 Ke6 45. Ra6+ Kd7 46. Kd5 Kc8 47. Ra2 Kd7 48. Ra6 Kc8 49. Ra2 1/2-1/2

[Event "British Columbia op"]
[Site "Richmond"]
[Date "2017.02.13"]
[Round "5.7"]
[White "Hiebert, Kenji"]
[Black "Chung, Alec"]
[Result "1-0"]
[WhiteElo "2078"]
[BlackElo "1700"]
[PlyCount "57"]
[EventDate "2017.02.11"]
[EventType "swiss"]
[EventRounds "6"]
[EventCountry "CAN"]
[SourceTitle "EXT 2022"]
[Source "ChessBase"]
[SourceDate "2021.10.06"]
[SourceVersion "1"]
[SourceVersionDate "2021.10.06"]
[SourceQuality "1"]

1. e4 c5 2. Nf3 d6 3. d4 cxd4 4. Nxd4 Nf6 5. Nc3 a6 6. Bg5 e6 7. f4 Be7 8. Qf3 Nbd7 9. 0-0-0 Qc7 10. g4 b5 11. Bxf6 Nxf6 12. g5 Nd7 13. f5 Bxg5+ 14. Kb1 e5 15. Ndxb5 axb5 16. Nxb5 Qa5 17. Nxd6+ Ke7 18. a3 Nf6 19. Qb3 Rf8 20. Bc4 Qa4 21. Nxc8+ Rfxc8 22. Qb7+ Nd7 23. Bb5 Qxc2+ 24. Ka2 Rxa3+ 25. Kxa3 Rc3+ 26. Ka2 Qb3+ 27. Ka1 Qc2 28. Rxd7+ Kf8 29. Rxf7+ 1-0

[Event "British Columbia-Washington m B"]
[Site "Victoria"]
[Date "2017.01.15"]
[Round "5.3"]
[White "Hiebert, Kenji"]
[Black "Trandafir, Stefan"]
[Result "1-0"]
[WhiteElo "2038"]
[BlackElo "1851"]
[PlyCount "77"]
[EventDate "2017.01.13"]
[EventType "team"]
[EventRounds "5"]
[EventCountry "CAN"]
[SourceTitle "EXT 2022"]
[Source "ChessBase"]
[SourceDate "2021.10.06"]
[SourceVersion "1"]
[SourceVersionDate "2021.10.06"]
[SourceQuality "1"]

1. e4 c5 2. Nf3 Nc6 3. Bb5 g6 4. Bxc6 dxc6 5. d3 Bg7 6. h3 e5 7. a4 Qe7 8. a5 Nf6 9. Be3 Nd7 10. Qd2 Nf8 11. Bh6 Ne6 12. Bxg7 Nxg7 13. Qh6 f5 14. Nbd2 Bd7 15. Nc4 0-0-0 16. 0-0 Ne6 17. Ncxe5 f4 18. Nxd7 Rxd7 19. Ne5 Rdd8 20. a6 Nd4 21. axb7+ Kxb7 22. Nc4 Nxc2 23. Na5+ Kb6 24. Nc4+ Kb7 25. Ra4 Rhf8 26. Rc1 Nb4 27. Na5+ Kb6 28. Rxb4+ cxb4 29. Nxc6 Qc7 30. Qg5 Qxc6 31. Rxc6+ Kxc6 32. Qa5 Rb8 33. d4 f3 34. Qc5+ Kd7 35. Qxa7+ Ke6 36. Qxh7 fxg2 37. Qxg6+ Rf6 38. d5+ Ke7 39. Qg7+ 1-0

[Event "British Columbia-Washington m B"]
[Site "Victoria"]
[Date "2017.01.14"]
[Round "2.1"]
[White "Hiebert, Kenji"]
[Black "Norovsambuu, Badamkhand"]
[Result "0-1"]
[WhiteElo "2038"]
[BlackElo "2101"]
[PlyCount "92"]
[EventDate "2017.01.13"]
[EventType "team"]
[EventRounds "5"]
[EventCountry "CAN"]
[SourceTitle "EXT 2022"]
[Source "ChessBase"]
[SourceDate "2021.10.06"]
[SourceVersion "1"]
[SourceVersionDate "2021.10.06"]
[SourceQuality "1"]

1. e4 c6 2. d4 d5 3. Nd2 dxe4 4. Nxe4 Bf5 5. Ng3 Bg6 6. Nh3 Nf6 7. Bc4 e6 8. Nf4 Bd6 9. c3 Qc7 10. Qf3 Nbd7 11. Bb3 Nd5 12. Nxg6 hxg6 13. Ne4 N7f6 14. Nxd6+ Qxd6 15. h3 0-0 16. 0-0 Nd7 17. Bg5 b5 18. Rfe1 N7b6 19. h4 f6 20. Bd2 Kf7 21. h5 Rh8 22. hxg6+ Kxg6 23. g3 Kf7 24. a4 Nc4 25. Bc1 a5 26. Bc2 f5 27. axb5 cxb5 28. b3 Ncb6 29. Bg5 Nf6 30. Re5 Nbd5 31. Rae1 Rae8 32. Bd2 g6 33. c4 bxc4 34. bxc4 Nb4 35. Ba4 Re7 36. Rxa5 Ng4 37. Rb1 Na6 38. Bf4 Qxd4 39. Rxa6 Nxf2 40. Qe3 Nh3+ 41. Kg2 Qxc4 42. Rbb6 Nxf4+ 43. gxf4 Qa2+ 44. Kg1 Qa1+ 45. Kg2 Qh1+ 46. Kf2 Rh2+ 0-1

[Event "British Columbia-Washington m B"]
[Site "Victoria"]
[Date "2017.01.14"]
[Round "3.5"]
[White "Seshadri, Sridhar"]
[Black "Hiebert, Kenji"]
[Result "0-1"]
[WhiteElo "1672"]
[BlackElo "2038"]
[PlyCount "74"]
[EventDate "2017.01.13"]
[EventType "team"]
[EventRounds "5"]
[EventCountry "CAN"]
[SourceTitle "EXT 2022"]
[Source "ChessBase"]
[SourceDate "2021.10.06"]
[SourceVersion "1"]
[SourceVersionDate "2021.10.06"]
[SourceQuality "1"]

1. d4 Nf6 2. Nf3 e6 3. Bg5 h6 4. Bh4 c5 5. e3 cxd4 6. Nxd4 d5 7. Bb5+ Bd7 8. Qe2 Be7 9. 0-0 0-0 10. Nc3 Bxb5 11. Qxb5 Qd7 12. Bg3 Nc6 13. Nxc6 bxc6 14. Qd3 Nh5 15. Ne2 Nxg3 16. Nxg3 Rab8 17. b3 c5 18. c4 Rfd8 19. Rad1 a5 20. cxd5 exd5 21. Ne4 Qc6 22. Ng3 a4 23. Nf5 Bf8 24. Qc3 axb3 25. axb3 Qb7 26. Rb1 g6 27. Ng3 c4 28. bxc4 Qxb1 29. Rxb1 Rxb1+ 30. Nf1 dxc4 31. g3 Rdd1 32. Qxc4 Rxf1+ 33. Kg2 Rfc1 34. Qd4 Rc2 35. Kf3 Rbb2 36. h4 Rxf2+ 37. Kg4 h5+ 0-1

[Event "Wch U16"]
[Site "Khanty-Mansiysk"]
[Date "2016.10.02"]
[Round "10"]
[White "Zamar Kodelja, Jurij"]
[Black "Hiebert, Kenji"]
[Result "1-0"]
[WhiteElo "2126"]
[BlackElo "2066"]
[PlyCount "67"]
[EventDate "2016.09.22"]
[EventType "swiss"]
[EventRounds "11"]
[EventCountry "RUS"]
[SourceTitle "EXT 2017"]
[Source "ChessBase"]
[SourceDate "2016.10.25"]
[SourceVersion "1"]
[SourceVersionDate "2016.10.25"]
[SourceQuality "1"]

1. d4 Nf6 2. Nf3 e6 3. g3 b6 4. Bg2 Bb7 5. 0-0 Be7 6. c4 0-0 7. Nc3 Ne4 8. Qc2 Nxc3 9. Qxc3 c5 10. Bf4 cxd4 11. Qxd4 d6 12. Qd2 Qc7 13. Rac1 Nd7 14. Rfd1 e5 15. Bg5 f6 16. Be3 Rfd8 17. Ne1 Bxg2 18. Nxg2 Qb7 19. f3 Nc5 20. Bf2 e4 21. f4 Ne6 22. Ne3 Nc7 23. Qd4 Rd7 24. f5 Bf8 25. b4 Rad8 26. Nd5 Nxd5 27. cxd5 Re7 28. Be3 Re5 29. Bf4 Rxf5 30. Qxe4 Rh5 31. Qe6+ Kh8 32. Rc6 Qd7 33. Rdc1 f5 34. Rc8 1-0

[Event "World ol U16"]
[Site "Poprad"]
[Date "2016.07.29"]
[Round "9.2"]
[White "Nazarova, Anastasia"]
[Black "Hiebert, Kenji"]
[Result "1-0"]
[WhiteElo "2032"]
[BlackElo "1860"]
[PlyCount "83"]
[EventDate "2016.07.22"]
[EventType "team-swiss"]
[EventRounds "9"]
[EventCountry "SVK"]
[SourceTitle "EXT 2017"]
[Source "ChessBase"]
[SourceDate "2016.10.25"]
[SourceVersion "1"]
[SourceVersionDate "2016.10.25"]
[SourceQuality "1"]
[WhiteTeam "Finland"]
[BlackTeam "Japan"]
[WhiteTeamCountry "FIN"]
[BlackTeamCountry "JPN"]

1. e4 c5 2. Nf3 e6 3. c4 Nc6 4. Nc3 Nd4 5. Be2 Ne7 6. 0-0 Nec6 7. d3 g6 8. Be3 Bg7 9. Qd2 0-0 10. Ne1 a6 11. f4 d6 12. Bd1 b5 13. Rb1 Bd7 14. Nf3 Qc7 15. Ne2 Rfb8 16. b3 b4 17. Nfxd4 Nxd4 18. Nxd4 cxd4 19. Bf2 a5 20. g4 Qc5 21. Bg3 a4 22. Qf2 axb3 23. axb3 Ra5 24. h4 Kf8 25. Qh2 Ke8 26. Rb2 Kd8 27. Rbf2 Kc7 28. f5 exf5 29. exf5 gxf5 30. gxf5 Be5 31. Bxe5 dxe5 32. Rg2 Raa8 33. Bf3 Bc6 34. Bxc6 Kxc6 35. Rg7 Kb6 36. Qg2 Qf8 37. f6 Ra3 38. Qd5 Rb7 39. Qxe5 Rxb3 40. Qb5+ Kc7 41. Qa5+ Kc6 42. Qa4+ 1-0